[Event "Bad Wiessee Senioren Cup 8th"]
[Site "Bad Wiessee"]
[Date "2019.05.14"]
[Round "4"]
[White "Catalfamo, Santo"]
[Black "Di Lazzaro, Gabriele"]
[Result "0-1"]
[WhiteElo "1554"]
[BlackElo "1850"]
[PlyCount "48"]
[EventDate "2019.05.11"]
[EventType "swiss"]
[EventRounds "9"]
[EventCountry "GER"]
[SourceTitle "EXT 2020"]
[Source "ChessBase"]
[SourceDate "2019.10.17"]
[SourceVersion "1"]
[SourceVersionDate "2019.10.17"]
[SourceQuality "1"]

1. Nf3 d5 2. c4 d4 3. d3 Nc6 4. g3 e5 5. Bg2 Bg4 6. 0-0 Qd7 7. Re1 Bh3 8. Bh1 h5 9. Qa4 f6 10. Nbd2 h4 11. Nf1 hxg3 12. fxg3 g5 13. Bxg5 fxg5 14. Nxg5 Nge7 15. Be4 Bh6 16. Nf3 Bf5 17. Qb5 Bxe4 18. dxe4 0-0-0 19. Nxe5 Nxe5 20. Qxe5 Kb8 21. Red1 Nc6 22. Qf5 Qe7 23. Qf3 Ne5 24. Qb3 Qh7 0-1

[Event "Bad Wiessee Senioren Cup 8th"]
[Site "Bad Wiessee"]
[Date "2019.05.11"]
[Round "1"]
[White "Catalfamo, Santo"]
[Black "Eschle, Hubert"]
[Result "0-1"]
[WhiteElo "1554"]
[BlackElo "1880"]
[PlyCount "86"]
[EventDate "2019.05.11"]
[EventType "swiss"]
[EventRounds "9"]
[EventCountry "GER"]
[SourceTitle "EXT 2020"]
[Source "ChessBase"]
[SourceDate "2019.10.17"]
[SourceVersion "1"]
[SourceVersionDate "2019.10.17"]
[SourceQuality "1"]

1. Nf3 Nf6 2. b3 g6 3. Bb2 Bg7 4. g3 0-0 5. Bg2 d6 6. 0-0 e5 7. d3 c6 8. Nbd2 Nbd7 9. c4 Nc5 10. Qc2 Ne6 11. Rfd1 Nh5 12. Nf1 f5 13. d4 e4 14. Ne1 d5 15. cxd5 cxd5 16. e3 g5 17. Qe2 Qe8 18. f4 Bd7 19. Rac1 Bb5 20. Qf2 Nf6 21. Bh3 Ng4 22. Bxg4 fxg4 23. Rc2 Qh5 24. Rdc1 Bc6 25. Ng2 Rf6 26. a4 Raf8 27. Ba3 R8f7 28. b4 Bxa4 29. Rc8+ Bf8 30. Ra8 Bb5 31. Rcc8 Qh6 32. Rxa7 gxf4 33. exf4 Ng5 34. Kh1 Nf3 35. Nge3 Qh5 36. Qa2 Rc6 37. Nxd5 Bc4 38. Raa8 Qxd5 39. Rxf8+ Rxf8 40. Rxf8+ Kxf8 41. b5+ Kf7 42. Qa1 Rh6 43. Qb2 Bxf1 0-1

[Event "Arco op-A 39th"]
[Site "Arco"]
[Date "2017.10.14"]
[Round "8"]
[White "Donadi, Luca"]
[Black "Catalfamo, Santo"]
[Result "1-0"]
[WhiteElo "1773"]
[BlackElo "1639"]
[PlyCount "87"]
[EventDate "2017.10.07"]
[EventType "swiss"]
[EventRounds "9"]
[EventCountry "ITA"]
[SourceTitle "CBM 181 Extra"]
[Source "ChessBase"]
[SourceDate "2017.12.12"]
[SourceVersion "1"]
[SourceVersionDate "2017.12.12"]
[SourceQuality "1"]

1. e4 e6 2. d4 d5 3. Nd2 dxe4 4. Nxe4 Be7 5. Nf3 Nf6 6. Bd3 Nxe4 7. Bxe4 Nd7 8. 0-0 Nf6 9. Qe2 0-0 10. Bg5 Nxe4 11. Bxe7 Qxe7 12. Qxe4 c6 13. Rfe1 Bd7 14. Rad1 h6 15. Ne5 Rad8 16. f4 Rfe8 17. Rd3 Bc8 18. Red1 f5 19. Qe1 Kh7 20. h4 g6 21. Nf3 b5 22. Qc3 Bb7 23. Qa3 Qc7 24. Ne5 a5 25. Qc3 b4 26. Qe1 Ba6 27. Rg3 Rg8 28. Re3 c5 29. c3 Bb7 30. cxb4 cxd4 31. Red3 Qc2 32. Qd2 Qa4 33. a3 axb4 34. Rxd4 Qa7 35. Kh2 Bd5 36. Nc6 Qa4 37. Nxd8 Rxd8 38. Qxb4 Qc2 39. Qe7+ Kg8 40. Qxd8+ Kg7 41. R1d2 Qc1 42. Rxd5 exd5 43. Qxd5 h5 44. Qe5+ 1-0

[Event "Verona op-B"]
[Site "Verona"]
[Date "2017.01.05"]
[Round "5.21"]
[White "Feichter, Matthias"]
[Black "Catalfamo, Santo"]
[Result "0-1"]
[WhiteElo "1611"]
[BlackElo "1608"]
[PlyCount "44"]
[EventDate "2017.01.02"]
[EventType "swiss"]
[EventRounds "7"]
[EventCountry "ITA"]
[SourceTitle "EXT 2018"]
[Source "ChessBase"]
[SourceDate "2017.10.13"]
[SourceVersion "1"]
[SourceVersionDate "2017.10.13"]
[SourceQuality "1"]

1. e4 e6 2. d4 d5 3. Nc3 dxe4 4. Nxe4 Nf6 5. Bg5 Be7 6. f3 Nxe4 7. Bxe7 Qxe7 8. fxe4 Qh4+ 9. Kd2 Qxe4 10. Kc1 Qf4+ 11. Kb1 0-0 12. Nf3 b6 13. Bd3 Nd7 14. c3 c5 15. Qe2 cxd4 16. Be4 Rb8 17. Nxd4 Bb7 18. Bc2 Nc5 19. h4 Ne4 20. Bxe4 Bxe4+ 21. Nc2 Rfd8 22. Rd1 Qf2 0-1

[Event "Arco op 37th"]
[Site "Arco"]
[Date "2015.10.11"]
[Round "2"]
[White "Cluyts, Marc"]
[Black "Catalfamo, Santo"]
[Result "1-0"]
[WhiteElo "1937"]
[BlackElo "1669"]
[PlyCount "41"]
[EventDate "2015.10.10"]
[EventType "swiss"]
[EventRounds "9"]
[EventCountry "ITA"]
[SourceTitle "CBM 168 Extra"]
[Source "ChessBase"]
[SourceDate "2015.10.29"]
[SourceVersion "1"]
[SourceVersionDate "2015.10.29"]
[SourceQuality "1"]

1. e4 d6 2. Nc3 Nf6 3. f4 Nc6 4. Nf3 Bg4 5. h3 Bd7 6. d4 e6 7. Be3 Ne7 8. Qd2 d5 9. Bd3 dxe4 10. Nxe4 Ned5 11. 0-0 Nxe3 12. Qxe3 Rc8 13. Nxf6+ gxf6 14. f5 c6 15. Rae1 c5 16. fxe6 fxe6 17. Bc4 cxd4 18. Qd3 e5 19. Nxe5 fxe5 20. Bf7+ Ke7 21. Qa3+ 1-0

[Event "Arco op 36th"]
[Site "Arco"]
[Date "2014.10.06"]
[Round "3"]
[White "Catalfamo, Santo"]
[Black "Galliani, William"]
[Result "1-0"]
[WhiteElo "1696"]
[BlackElo "1458"]
[PlyCount "51"]
[EventDate "2014.10.04"]
[EventType "swiss"]
[EventRounds "9"]
[EventCountry "ITA"]
[SourceTitle "EXT 2016"]
[Source "ChessBase"]
[SourceDate "2015.10.08"]
[SourceVersion "1"]
[SourceVersionDate "2015.10.08"]
[SourceQuality "1"]

1. b3 e5 2. Bb2 Nc6 3. Nf3 e4 4. Nd4 d5 5. e3 Nf6 6. Bb5 Bd7 7. Nxc6 bxc6 8. Be2 Bd6 9. c4 0-0 10. 0-0 g5 11. h3 h6 12. d3 Be6 13. Nd2 Kh7 14. dxe4 dxe4 15. Bxf6 Qxf6 16. Nxe4 Qe5 17. Nxd6 cxd6 18. Qd4 Qxd4 19. exd4 Rab8 20. f4 g4 21. Bd3+ Kg7 22. Rae1 Rbe8 23. hxg4 Bxg4 24. Kf2 h5 25. Be2 Bd7 26. Bxh5 1-0

[Event "Arco op 34th"]
[Site "Arco"]
[Date "2012.10.20"]
[Round "8"]
[White "Catalfamo, Santo"]
[Black "Del Nevo, Claudio"]
[Result "0-1"]
[WhiteElo "1762"]
[BlackElo "1821"]
[PlyCount "74"]
[EventDate "2012.10.13"]
[EventType "swiss"]
[EventRounds "9"]
[EventCountry "ITA"]
[SourceTitle "EXT 2013"]
[Source "ChessBase"]
[SourceDate "2012.11.22"]
[SourceVersion "1"]
[SourceVersionDate "2012.11.22"]
[SourceQuality "1"]

1. b3 d6 2. Bb2 Nf6 3. c4 g6 4. Nc3 Bg7 5. e3 0-0 6. Nf3 c6 7. Qc2 Na6 8. a3 Nc5 9. d4 Bf5 10. Qd1 Nce4 11. Nxe4 Nxe4 12. Bd3 c5 13. Qc2 d5 14. Nh4 Qa5+ 15. Ke2 e6 16. cxd5 cxd4 17. Bxe4 Rac8 18. Qd3 Bxe4 19. Qxe4 d3+ 20. Qxd3 Bxb2 21. Ra2 Rc3 22. Qe4 Qb5+ 23. Kf3 Qxb3 24. Qb1 Qxd5+ 25. Kg3 Bxa3 26. Rd1 Qg5+ 27. Kh3 Rc4 28. f4 Qc5 29. Rd3 Bc1 30. Qb3 Rc8 31. Re2 Rc3 32. Rxc3 Qxc3 33. Qxb7 Bxe3 34. Nf3 Bxf4 35. g3 Rb8 36. Qe4 Rb3 37. Kg2 Be3 0-1

[Event "Arco op 34th"]
[Site "Arco"]
[Date "2012.10.19"]
[Round "7"]
[White "Zangrando, Gianpietro"]
[Black "Catalfamo, Santo"]
[Result "0-1"]
[WhiteElo "1800"]
[BlackElo "1762"]
[PlyCount "90"]
[EventDate "2012.10.13"]
[EventType "swiss"]
[EventRounds "9"]
[EventCountry "ITA"]
[SourceTitle "EXT 2013"]
[Source "ChessBase"]
[SourceDate "2012.11.22"]
[SourceVersion "1"]
[SourceVersionDate "2012.11.22"]
[SourceQuality "1"]

1. Nf3 Nf6 2. c4 g6 3. Nc3 Bg7 4. e4 d6 5. d4 0-0 6. Be2 Re8 7. 0-0 e5 8. dxe5 dxe5 9. Qc2 c6 10. Rd1 Qc7 11. Bg5 h6 12. Be3 Be6 13. Bc5 Bf8 14. Bxf8 Rxf8 15. Rd2 Nbd7 16. Rad1 Rfd8 17. h3 Kg7 18. b4 a6 19. a4 Rdc8 20. a5 Nh5 21. Rd6 Nhf6 22. c5 Ne8 23. R6d2 Ndf6 24. Na4 Rd8 25. Rxd8 Rxd8 26. Rxd8 Qxd8 27. Nxe5 Qd4 28. Qc3 Qxe4 29. Bd3 Qh4 30. Nf3 Qf4 31. Bf1 Kh7 32. g3 Qc7 33. Qd4 Nd5 34. Nb6 Ng7 35. Nxd5 Bxd5 36. Nh4 Qe7 37. Ng2 Nf5 38. Qd2 Qe4 39. Kh2 Nd4 40. Qb2 Nf3+ 41. Kh1 Ne1 42. f4 Qf3 43. Qe2 Qxg3 44. Qg4 Qf2 45. Be2 Bxg2+ 0-1

[Event "ITA-ch Seniors 34th"]
[Site "Arvier"]
[Date "2012.04.21"]
[Round "8"]
[White "Brioschi, Camillo"]
[Black "Catalfamo, Santo"]
[Result "1-0"]
[WhiteElo "1839"]
[BlackElo "1794"]
[PlyCount "93"]
[EventDate "2012.04.14"]
[EventType "swiss"]
[EventRounds "9"]
[EventCountry "ITA"]
[SourceTitle "CBM 148 Extra"]
[Source "ChessBase"]
[SourceDate "2012.06.22"]
[SourceVersion "1"]
[SourceVersionDate "2012.06.22"]
[SourceQuality "1"]

1. d4 Nf6 2. c4 e6 3. Nc3 Bb4 4. e3 0-0 5. Bd3 Bxc3+ 6. bxc3 d6 7. e4 e5 8. Bg5 Nbd7 9. Ne2 h6 10. Bh4 c5 11. d5 g5 12. Bg3 h5 13. Qd2 Nh7 14. f3 Ndf6 15. Bf2 Kh8 16. h4 g4 17. f4 Ng8 18. fxe5 dxe5 19. Bxc5 Re8 20. Ng3 Ngf6 21. Be3 Kg7 22. Bg5 Kg6 23. Rf1 Qb6 24. Bxf6 Rg8 25. Bg5 f6 26. Be3 Qd8 27. c5 Bd7 28. Rb1 Rb8 29. Bb5 Bc8 30. Nf5 Bxf5 31. exf5+ Kf7 32. d6 Kg7 33. Bh6+ Kh8 34. Bc4 e4 35. Qd5 Qa5 36. Qd4 Rge8 37. Bf4 a6 38. Kf2 b5 39. Be6 Rb7 40. c6 Rg7 41. g3 Rxe6 42. fxe6 Qxa2+ 43. Kg1 Qxe6 44. c7 Qc8 45. Rfe1 Rd7 46. Rxe4 Kg8 47. Rbe1 1-0

[Event "Arco op 33rd"]
[Site "Arco"]
[Date "2011.10.25"]
[Round "4.47"]
[White "Cavatorta, Ivan"]
[Black "Catalfamo, Santo"]
[Result "1-0"]
[WhiteElo "1808"]
[BlackElo "1915"]
[PlyCount "39"]
[EventDate "2011.10.22"]
[EventType "swiss"]
[EventRounds "9"]
[EventCountry "ITA"]
[SourceTitle "EXT 2012"]
[Source "ChessBase"]
[SourceDate "2011.11.24"]
[SourceVersion "1"]
[SourceVersionDate "2011.11.24"]
[SourceQuality "1"]

1. e4 d6 2. d4 g6 3. Nc3 Bg7 4. Nf3 c6 5. a4 Nd7 6. Bc4 e6 7. 0-0 Ne7 8. Bf4 d5 9. exd5 exd5 10. Re1 dxc4 11. Bd6 Bf6 12. Ne4 h6 13. Nxf6+ Nxf6 14. Rxe7+ Qxe7 15. Bxe7 Kxe7 16. Qe2+ Be6 17. Ne5 Rad8 18. Re1 Rxd4 19. Nxg6+ Kd8 20. Qe5 1-0

[Event "EU-ch Seniors 11th"]
[Site "Courmayeur"]
[Date "2011.04.10"]
[Round "5"]
[White "Laco, Giuseppe"]
[Black "Catalfamo, Santo"]
[Result "1-0"]
[WhiteElo "2128"]
[BlackElo "1918"]
[PlyCount "51"]
[EventDate "2011.04.06"]
[EventType "swiss"]
[EventRounds "9"]
[EventCountry "ITA"]
[SourceTitle "CBM 141 Extra"]
[Source "ChessBase"]
[SourceDate "2011.05.03"]
[SourceVersion "1"]
[SourceVersionDate "2011.05.03"]
[SourceQuality "1"]

1. d4 g6 2. e4 d6 3. c4 Bg7 4. Nc3 c6 5. Be3 Nf6 6. f3 0-0 7. Qd2 e5 8. d5 c5 9. g4 a6 10. h4 h5 11. Bg5 Kh7 12. gxh5 gxh5 13. Nge2 Rh8 14. Ng3 Kg8 15. Rg1 Kf8 16. 0-0-0 Qa5 17. a3 Ne8 18. Bd3 Nc7 19. Nf5 Bxf5 20. exf5 b5 21. f6 Bh6 22. Bxh6+ Ke8 23. Bf5 b4 24. Qg2 Kd8 25. Qg7 Re8 26. Qxf7 1-0